000 01508cam a2200145 4500500
005 20260405024800.0
041 _afre
042 _adc
100 1 0 _aAgamben, Giorgio
_eauthor
700 1 0 _aCavallin, Jean-Christophe
_eauthor
245 0 0 _aLa Folie Hölderlin : Chronique d'une vie habitante 1806-1843
260 _bArmand Colin,
_c2022.
520 _aAlors que Napoléon est occupé à faire l’Histoire, que Goethe fait éclore Faust et que Hegel esquisse son système philosophique, Friedrich Hölderlin, le grand poète allemand, sombre dans ce qui est peut-être la folie la plus célèbre de l’histoire de la littérature. Est-ce pour le plaisir de s’infliger un confinement de 36 années qu’Hölderlin vivra en reclus jusqu'à sa mort, locataire d’un charpentier dans une tour surplombant le Neckar ? Sa vie se divise exactement en deux moitiés : 36 ans de 1770 à 1806 et 36 ans de 1807 à 1843. Si dans la première moitié le poète vit dans le monde et participe dans la mesure de ses forces aux événements de son temps, la seconde moitié de son existence se passe entièrement en dehors du monde, comme si un mur le séparait de toute relation avec les événements extérieurs. Pour notre époque qui perd de vue la distinction entre les sphères, la vie d’Hölderlin est la prophétie de quelque chose que son siècle ne pouvait penser sans frôler la folie.
856 4 1 _uhttps://shs.cairn.info/la-folie-holderlin--9782200632649?lang=fr&redirect-ssocas=7080
999 _c2141269
_d2141269